Gaveshanareethisastram: (Record no. 181870)

000 -LEADER
fixed length control field 00399nam a22001457a 4500
020 ## - INTERNATIONAL STANDARD BOOK NUMBER
ISBN 9788197841507
082 ## - DEWEY DECIMAL CLASSIFICATION NUMBER
Classification number M 001.42
Item number MID/G
245 ## - TITLE STATEMENT
Title Gaveshanareethisastram:
Sub Title sidhanthavum prayogavum/
Statement of responsibility, etc by Midhun K S (ed.)
250 ## - EDITION STATEMENT
Edition statement 2nd ed.
260 ## - PUBLICATION, DISTRIBUTION, ETC. (IMPRINT)
Place of publication Kozhikode:
Name of publisher Pavanatma Publishers,
Year of publication 2024.
300 ## - PHYSICAL DESCRIPTION
Number of Pages 376p.
650 ## - SUBJECT ADDED ENTRY--TOPICAL TERM
Topical Term Research Methodology
700 ## - ADDED ENTRY--PERSONAL NAME
Personal name Midhun K.S. (ed.)
942 ## - ADDED ENTRY ELEMENTS (KOHA)
Koha item type Book
Holdings
Withdrawn status Lost status Damaged status Not for loan Permanent Location Current Location Shelving location Date acquired Cost, normal purchase price Full call number Accession Number Price effective from Koha item type
        Sree Sankaracharya University of Sanskrit Sree Sankaracharya University of Sanskrit Stacks 29.05.2026 750.00 M 001.42 MID/G 108984 29.05.2026 Book